[Event "Hastings Masters 1989/90"]
[Site "Hastings"]
[Date "1990.01.??"]
[Round "?"]
[White "Sher, Miron Naumovich"]
[Black "Levitt, Jonathan P"]
[Result "0-1"]
[WhiteElo "2470"]
[BlackElo "2480"]
[PlyCount "116"]
[EventDate "1990.01.09"]
[EventType "schev"]
[EventRounds "9"]
[EventCountry "ENG"]
[SourceTitle "BritBase"]
[Source "John Saunders"]
[SourceDate "2024.12.03"]
[SourceVersion "1"]
[SourceVersionDate "2024.12.03"]
[SourceQuality "1"]

1. d4 Nf6 2. Nf3 d5 3. c4 c6 4. Nc3 dxc4 5. e3 b5 6. a4 b4 7. Nb1 Ba6 8. Qc2 e6 9. Nbd2 c5 10. Nxc4 Be7 11. dxc5 Bxc5 12. Bd3 O-O 13. Nce5 Bxd3 14. Qxd3 Nbd7 15. Nxd7 Nxd7 16. O-O Be7 17. Rd1 Nc5 18. Qc2 Qb6 19. e4 Qb7 20. e5 Rfc8 21. Be3 a6 22. Rd4 Nd7 23. Qd1 Nb6 24. Rg4 Nd5 25. Bh6 Bf8 26. Qd3 f5 27. Rg3 Qc7 28. Re1 Qc4 29. Qd1 Rd8 30. b3 Qc8 31. Bg5 Rd7 32. Qe2 Nc3 33. Qf1 Ne4 34. Rh3 Qc2 35. Be3 Qxb3 36. Nd4 Qd5 37. f3 Nc3 38. Qf2 Nxa4 39. Qh4 h6 40. Rg3 Kh8 41. Rg6 Nc5 42. g4 fxg4 43. Rxg4 Nd3 44. Re2 Nxe5 45. Rg3 Nc4 46. Bf2 Re8 47. Kg2 Rf7 48. Re4 Nd6 49. Reg4 Nf5 50. Nxf5 exf5 51. Rd4 Qa2 52. Rd8 Rfe7 53. Qd4 Kh7 54. Qd3 Rxd8 55. Qxd8 Qf7 56. Qd3 a5 57. Qb1 Re2 58. Qd3 Ra2 0-1

[Event "Hastings Masters 1989/90"]
[Site "Hastings"]
[Date "1990.01.??"]
[Round "?"]
[White "Sher, Miron Naumovich"]
[Black "Conquest, Stuart C"]
[Result "1/2-1/2"]
[WhiteElo "2470"]
[BlackElo "2515"]
[PlyCount "70"]
[EventDate "1990.01.09"]
[EventType "schev"]
[EventRounds "9"]
[EventCountry "ENG"]
[SourceTitle "BritBase"]
[Source "John Saunders"]
[SourceDate "2024.12.03"]
[SourceVersion "1"]
[SourceVersionDate "2024.12.03"]
[SourceQuality "1"]

1. c4 e5 2. g3 d6 3. Nc3 g6 4. d4 Nd7 5. Nf3 Bg7 6. Bg2 Ne7 7. O-O O-O 8. e4 exd4 9. Nxd4 Nc6 10. Nde2 a5 11. b3 Nc5 12. Be3 f5 13. Rc1 Qe7 14. Nd5 Qf7 15. Nec3 Nb4 16. Qd2 Kh8 17. Rcd1 Nxe4 18. Nxe4 fxe4 19. Bxe4 Bh3 20. Rfe1 Rae8 21. Bg2 Bxg2 22. Kxg2 Nxd5 23. Qxd5 Qxd5+ 24. Rxd5 b6 25. Red1 Kg8 26. h4 h5 27. R5d3 Re6 28. R1d2 Rfe8 29. Rc2 Kf7 30. Rd5 Re5 31. Rd3 Re4 32. Kf3 R4e5 33. Kg2 Re4 34. Kf3 R4e5 35. Kg2 Re4 1/2-1/2

[Event "Hastings Masters 1989/90"]
[Site "Hastings"]
[Date "1990.01.??"]
[Round "?"]
[White "Smagin, Sergey"]
[Black "Gallagher, Joseph G"]
[Result "1-0"]
[WhiteElo "2535"]
[BlackElo "2445"]
[PlyCount "59"]
[EventDate "1990.01.09"]
[EventType "schev"]
[EventRounds "9"]
[EventCountry "ENG"]
[SourceTitle "BritBase"]
[Source "John Saunders"]
[SourceDate "2024.12.03"]
[SourceVersion "1"]
[SourceVersionDate "2024.12.03"]
[SourceQuality "1"]

1. e4 c5 2. Nf3 d6 3. d4 cxd4 4. Nxd4 Nf6 5. Nc3 a6 6. Be2 e5 7. Nb3 Be7 8. Be3 O-O 9. g4 Be6 10. g5 Nfd7 11. h4 b5 12. Bg4 Nc5 13. Bxe6 fxe6 14. g6 h6 15. Qg4 Qc8 16. O-O-O Na4 17. Ne2 Nc6 18. Kb1 Rf6 19. Rh3 d5 20. Qh5 Bf8 21. Rf3 Rxf3 22. Qxf3 d4 23. Bxh6 Ra7 24. Bd2 Bd6 25. Qh5 Ne7 26. Bg5 Kf8 27. Qf3+ Kg8 28. Qh5 Kf8 29. Qh8+ Ng8 30. Rd3 1-0

[Event "Hastings Masters 1989/90"]
[Site "Hastings"]
[Date "1990.01.??"]
[Round "?"]
[White "Smagin, Sergey"]
[Black "Hebden, Mark L"]
[Result "1-0"]
[WhiteElo "2535"]
[BlackElo "2520"]
[PlyCount "81"]
[EventDate "1990.01.09"]
[EventType "schev"]
[EventRounds "9"]
[EventCountry "ENG"]
[SourceTitle "BritBase"]
[Source "John Saunders"]
[SourceDate "2024.12.03"]
[SourceVersion "1"]
[SourceVersionDate "2024.12.03"]
[SourceQuality "1"]

1. e4 e5 2. Nf3 Nc6 3. Bb5 a6 4. Ba4 Nf6 5. O-O Be7 6. Re1 b5 7. Bb3 O-O 8. c3 d6 9. h3 a5 10. d3 a4 11. Bc2 Bd7 12. Nbd2 Re8 13. Nf1 h6 14. a3 Na5 15. Ng3 Bf8 16. Nh2 d5 17. exd5 Nxd5 18. Ng4 Bxg4 19. Qxg4 Ra6 20. Bd2 Nf6 21. Qf3 Rae6 22. Rad1 Qa8 23. Qxa8 Rxa8 24. Kf1 Nb3 25. Bxb3 axb3 26. c4 bxc4 27. dxc4 Rc6 28. Rc1 Nd7 29. Rc3 Rb8 30. Be3 Nc5 31. Bxc5 Bxc5 32. Rcc1 Bd4 33. Nf5 Bc5 34. Rxe5 Kf8 35. Rd5 Bb6 36. c5 Ba5 37. Rd3 Re8 38. g4 Rf6 39. Rxb3 g6 40. Ng3 Bd2 41. Rc2 1-0

[Event "Hastings Masters 1989/90"]
[Site "Hastings"]
[Date "1990.01.??"]
[Round "?"]
[White "Smagin, Sergey"]
[Black "Janjgava, Lasha"]
[Result "1/2-1/2"]
[WhiteElo "2535"]
[BlackElo "2470"]
[PlyCount "66"]
[EventDate "1990.01.09"]
[EventType "schev"]
[EventRounds "9"]
[EventCountry "ENG"]
[SourceTitle "BritBase"]
[Source "John Saunders"]
[SourceDate "2024.12.03"]
[SourceVersion "1"]
[SourceVersionDate "2024.12.03"]
[SourceQuality "1"]

1. e4 c6 2. d4 d5 3. Nd2 dxe4 4. Nxe4 Nd7 5. Ng5 Ngf6 6. Bd3 e6 7. N1f3 Bd6 8. Qe2 h6 9. Ne4 Nxe4 10. Qxe4 Qc7 11. Bd2 b6 12. Qg4 g5 13. Qh3 Rg8 14. Qxh6 Bf8 15. Qh7 Nf6 16. Qh3 g4 17. Qh4 gxf3 18. Qxf6 fxg2 19. Rg1 Qxh2 20. O-O-O Bb7 21. Be4 Be7 22. Qf3 Qc7 23. Be3 Bd6 24. Rxg2 O-O-O 25. Qf6 Qe7 26. Qxe7 Bxe7 27. Rh1 Rxg2 28. Bxg2 Bf6 29. Rh7 Bxd4 30. Rxf7 Bxe3+ 31. fxe3 Rd7 32. Rf6 Re7 33. Kd2 Kd7 1/2-1/2

[Event "Hastings Masters 1989/90"]
[Site "Hastings"]
[Date "1990.01.??"]
[Round "?"]
[White "Smagin, Sergey"]
[Black "Levitt, Jonathan P"]
[Result "1/2-1/2"]
[WhiteElo "2535"]
[BlackElo "2480"]
[PlyCount "84"]
[EventDate "1990.01.09"]
[EventType "schev"]
[EventRounds "9"]
[EventCountry "ENG"]
[SourceTitle "BritBase"]
[Source "John Saunders"]
[SourceDate "2024.12.03"]
[SourceVersion "1"]
[SourceVersionDate "2024.12.03"]
[SourceQuality "1"]

1. e4 e6 2. d4 d5 3. Nd2 c5 4. exd5 Qxd5 5. Ngf3 cxd4 6. Bc4 Qd6 7. O-O Nf6 8. Nb3 Nc6 9. Nbxd4 Nxd4 10. Nxd4 a6 11. c3 Qc7 12. Qe2 Bd6 13. h3 b5 14. Bd3 O-O 15. a4 b4 16. cxb4 Bxb4 17. Rd1 Bb7 18. Bg5 Nd5 19. Rac1 Qd7 20. Qe4 g6 21. Bh6 Rfe8 22. Nb3 Qe7 23. Qe2 Qh4 24. Be3 Nxe3 25. Qxe3 Bd5 26. Bc4 Bxc4 27. Rd4 Qf6 28. Rcxc4 a5 29. Nc1 Red8 30. Nd3 Rxd4 31. Rxd4 Bd2 32. Qe4 Rc8 33. Rd7 Rd8 34. Qe5 Rxd7 35. Qxf6 Rxd3 36. g4 Rd5 37. Kf1 h5 38. f3 Bb4 39. Ke2 Bf8 40. Qc3 Bb4 41. Qf6 Bf8 42. Qc3 Bb4 1/2-1/2

[Event "Hastings Masters 1989/90"]
[Site "Hastings"]
[Date "1990.01.??"]
[Round "?"]
[White "Wolff, Patrick G"]
[Black "Sahl, Bjarke Barth"]
[Result "0-1"]
[WhiteElo "2505"]
[BlackElo "2385"]
[PlyCount "73"]
[EventDate "1990.01.09"]
[EventType "schev"]
[EventRounds "9"]
[EventCountry "ENG"]
[SourceTitle "BritBase"]
[Source "John Saunders"]
[SourceDate "2024.12.03"]
[SourceVersion "1"]
[SourceVersionDate "2024.12.03"]
[SourceQuality "1"]

1. e4 c5 2. Nf3 Nc6 3. d4 cxd4 4. Nxd4 Nf6 5. Nc3 e5 6. Ndb5 d6 7. Bg5 a6 8. Na3 b5 9. Nd5 Be7 10. Bxf6 Bxf6 11. c3 O-O 12. Nc2 Bg5 13. a4 bxa4 14. Rxa4 Kh8 15. Be2 g6 16. O-O a5 17. Nce3 Be6 18. Bc4 Nb8 19. Qc2 Nd7 20. Raa1 Rc8 21. Ba6 Rb8 22. Bc4 Rc8 23. b3 Nc5 24. Kh1 Bh6 25. g3 Bg7 26. Rfd1 f5 27. exf5 gxf5 28. b4 f4 29. bxc5 Rxc5 30. Nxf4 exf4 31. Bxe6 fxe3 32. fxe3 Rxc3 33. Qd2 Qb6 34. e4 Rf2 35. Qxd6 Rf1+ 36. Kg2 Rc2+ 37. Rd2 0-1